[Event "NM for klubblag"]
[Site "Drammen"]
[Date "2010.10.10"]
[Round "5"]
[White "Haga, Halvor"]
[Black "Tari, Aryan"]
[Result "1/2-1/2"]
[WhiteElo "1961"]
[BlackElo "1999"]
[PlyCount "167"]
[EventDate "2010.10.08"]
[WhiteTeam "Black Knights 2"]
[BlackTeam "Asker Schakklubb 2"]

1. e4 c5 2. Nf3 Nc6 3. g3 g6 4. Bg2 Bg7 5. O-O e6 6. d3 Nge7 7. c3 d5 8. Nbd2
O-O 9. Qe2 b6 10. Re1 Ba6 11. e5 Qc7 12. Nf1 Rfe8 13. Bf4 h6 14. h4 Kh7 15.
N1h2 Ng8 16. Ng4 Qe7 17. Bf1 Rad8 18. Qd2 d4 19. c4 Bb7 20. Bg2 a6 21. b3 Qd7
22. Qe2 Nce7 23. h5 gxh5 24. Nf6+ Nxf6 25. exf6 Bxf6 26. Be5 Ng8 27. Bxf6 Nxf6
28. Ne5 Qe7 29. Bc6 Rf8 30. Qf3 Ba8 31. a3 Ng4 32. Bxa8 Nxe5 33. Rxe5 Rxa8 34.
Rxh5 f5 35. Kg2 Rae8 36. Rah1 Rf6 37. Qf4 Qg7 38. Qd6 Qb7+ 39. f3 Rg8 40. Kf2
Qg7 41. R5h3 f4 42. g4 Rg6 43. Qxf4 Rf8 44. Qe4 Kg8 45. Kg3 Rgf6 46. Kg2 Qg5
47. Qe2 Rg6 48. Rh5 Qf4 49. Re5 Rff6 50. Re1 Kf7 51. b4 h5 52. Rxh5 Rh6 53.
Reh1 Rxh5 54. Rxh5 Rh6 55. Rxh6 Qxh6 56. bxc5 bxc5 57. Kg3 Qc1 58. f4 Qxa3 59.
f5 e5 60. g5 Qc1 61. Qh5+ Ke7 62. Qh7+ Kd6 63. Qg6+ Kc7 64. Qg7+ Kc6 65. Qf6+
Kb7 66. Qxe5 Qxg5+ 67. Kf3 Qh5+ 68. Ke4 Qh1+ 69. Kf4 Qh2+ 70. Ke4 Qg2+ 71. Kf4
Qh2+ 72. Ke4 Qh1+ 73. Kf4 Qh4+ 74. Kf3 Qh5+ 75. Ke4 Qh1+ 76. Kf4 Qh4+ 77. Kf3
Qh3+ 78. Kf4 Qh2+ 79. Ke4 Qg2+ 80. Kf4 Qh2+ 81. Ke4 Qh1+ 82. Kf4 Qh4+ 83. Kf3
Qh3+ 84. Ke4 1/2-1/2

[Event "NM for klubblag"]
[Site "Drammen"]
[Date "2010.10.10"]
[Round "5"]
[White "Gonzales, Francisco"]
[Black "Andersen, Øystein R"]
[Result "0-1"]
[WhiteElo "1750"]
[BlackElo "1867"]
[PlyCount "78"]
[EventDate "2010.10.08"]
[WhiteTeam "Asker Schakklubb 2"]
[BlackTeam "Black Knights 2"]

1. e4 c6 2. Nf3 d5 3. Nc3 Nf6 4. e5 Ne4 5. d3 Nxc3 6. bxc3 Bg4 7. h3 Bh5 8. g4
Bg6 9. Bg2 e6 10. O-O Nd7 11. Rb1 Rb8 12. Re1 Bc5 13. d4 Be7 14. Rb3 b5 15. Ba3
Nb6 16. Nd2 O-O 17. Nf1 Nc4 18. Re2 a5 19. Qa1 a4 20. Rb1 Qa5 21. Bc1 b4 22.
Ne3 Nxe3 23. Rxe3 Bxc2 24. Rb2 Bg6 25. Bf1 a3 26. Rbe2 b3 27. axb3 Rxb3 28. Qa2
Rfb8 29. Kg2 Bg5 30. Re1 Bxe3 31. Rxe3 Bb1 32. Qa1 Be4+ 33. f3 a2 34. Re2 Qxc3
35. Qxc3 Rxc3 36. Rxa2 Bxf3+ 37. Kf2 Rxc1 38. Kxf3 Rxf1+ 39. Ke2 Rh1 0-1

[Event "NM for klubblag"]
[Site "Drammen"]
[Date "2010.10.10"]
[Round "5"]
[White "Snellingen, Jørn"]
[Black "Lilleseth, Eivind"]
[Result "1-0"]
[WhiteElo "1843"]
[BlackElo "1598"]
[PlyCount "91"]
[EventDate "2010.10.08"]
[WhiteTeam "Black Knights 2"]
[BlackTeam "Asker Schakklubb 2"]

1. e4 e6 2. Nc3 c5 3. Nf3 Nc6 4. Bb5 Qb6 5. a4 Nd4 6. a5 Qc7 7. Ba4 Nf6 8. O-O
Be7 9. d3 O-O 10. Bd2 Nc6 11. Bb3 d6 12. Re1 e5 13. Ne2 Bg4 14. Kh1 Bxf3 15.
gxf3 Kh8 16. Rg1 Ne8 17. Ng3 Nd4 18. c3 Nxb3 19. Qxb3 g6 20. Bh6 Ng7 21. f4
exf4 22. Bxg7+ Kxg7 23. Nh5+ Kh8 24. Nxf4 Rae8 25. Qd5 Bf6 26. a6 bxa6 27. Rxa6
Be5 28. Ng2 Rb8 29. f4 Bg7 30. Qxd6 Qxd6 31. Rxd6 Rxb2 32. d4 cxd4 33. cxd4 a5
34. e5 Ra8 35. Ne3 a4 36. Nc4 Rb4 37. Rc6 a3 38. Nxa3 Bh6 39. Nc2 Rb2 40. Rf1
Raa2 41. Rf2 Ra4 42. f5 Be3 43. Rc8+ Kg7 44. f6+ Kh6 45. Nxe3 Rxf2 46. Ng4+ 1-0

[Event "NM for klubblag"]
[Site "Drammen"]
[Date "2010.10.10"]
[Round "5"]
[White "Benn, Neil"]
[Black "Wasenius, Thomas"]
[Result "1-0"]
[WhiteElo "1549"]
[BlackElo "1238"]
[PlyCount "89"]
[EventDate "2010.10.08"]
[WhiteTeam "Asker Schakklubb 2"]
[BlackTeam "Black Knights 2"]

1. Nf3 Nf6 2. d4 d5 3. c4 e6 4. Nc3 c5 5. cxd5 cxd4 6. Qa4+ Qd7 7. Qxd4 exd5 8.
e3 Nc6 9. Qd1 Bb4 10. Bb5 Qd6 11. O-O O-O 12. h3 Bf5 13. Ne2 a6 14. Bd3 Bxd3
15. Qxd3 Rfd8 16. Bd2 Rac8 17. Bxb4 Nxb4 18. Qb3 b5 19. Ned4 Nc6 20. Rfd1 Na5
21. Qd3 Nc4 22. b3 Nb2 23. Nf5 Nxd3 24. Nxd6 Rxd6 25. Rxd3 Rc2 26. a4 h6 27.
axb5 axb5 28. Nd4 Rc5 29. b4 Rc4 30. Nxb5 Rb6 31. Ra8+ Kh7 32. Nc3 Rbxb4 33.
Nxd5 Rb1+ 34. Kh2 Ne4 35. f3 Rh1+ 36. Kxh1 Nf2+ 37. Kh2 Nxd3 38. g4 Rc2+ 39.
Kg3 Rd2 40. Ra7 Kg6 41. h4 Rd1 42. h5+ Kh7 43. Rxf7 Rg1+ 44. Kh2 Kg8 45. Rxg7+
1-0

[Event "NM for klubblag"]
[Site "Drammen"]
[Date "2010.10.10"]
[Round "5"]
[White "Johansen, Pål Hermunn"]
[Black "Standal, Bård"]
[Result "1-0"]
[WhiteElo "1607"]
[BlackElo "1750"]
[PlyCount "105"]
[EventDate "2010.10.08"]
[WhiteTeam "Akademisk SK 2"]
[BlackTeam "Tønsberg Schackklubb"]

1. e4 c5 2. Nf3 d6 3. d4 cxd4 4. Nxd4 Nf6 5. Nc3 a6 6. Be2 e5 7. Nb3 Be6 8. Bg5
Be7 9. Qd2 Qc7 10. O-O-O Nbd7 11. f4 Rc8 12. Kb1 Nb6 13. g4 Bc4 14. Bxf6 gxf6
15. Nd5 Bxd5 16. exd5 Nc4 17. Qd3 b5 18. c3 Qb6 19. fxe5 dxe5
20. Bf3 Nd6 21. Rhf1 h6 22. h3 a5 23. Nd2 b4 24. c4 Qa6 25. Rc1 Rc5 26. Be2 a4
27. Ne4 Nxe4 28. Qxe4 Qd6 29. Bd1 a3 30. Ba4+ Kd8 31. b3 Kc7 32. Qe1 Rb8 33.
Qd2 Bf8 34. Rf5 Bg7 35. Rcf1 Rb6 36. Qe3 Ra5 37. Rc1 Qc5 38. Qxc5+ Rxc5 39. Be8
Rd6 40. Bxf7 Kd7 41. Kc2 Ke7 42. Be6 Kf8 43. Kd3 Ke7 44. Ke4 Rd8 45. h4 Rf8 46.
Rc2 Kd6 47. Rcf2 Ke7 48. R2f3 Rc7 49. g5 Rc5 50. gxf6+ Rxf6 51. Rg3 Kf8 52.
Kxe5 Rxf5+ 53. Kxf5 1-0

[Event "NM for klubblag"]
[Site "Drammen"]
[Date "2010.10.10"]
[Round "5"]
[White "Bue, Gunnar"]
[Black "Søreng, Eirik"]
[Result "0-1"]
[WhiteElo "1644"]
[BlackElo "1599"]
[PlyCount "80"]
[EventDate "2010.10.08"]
[WhiteTeam "Tønsberg Schackklubb"]
[BlackTeam "Akademisk SK 2"]

1. d4 d5 2. c4 c6 3. e3 Nf6 4. Nf3 Bf5 5. Bd3 Bxd3 6. Qxd3 e6 7. O-O Bd6 8. Nc3
Nbd7 9. c5 Be7 10. b4 Qc7 11. Bb2 O-O 12. a4 e5 13. dxe5 Nxe5 14. Nxe5 Qxe5 15.
f4 Qc7 16. h3 a5 17. Ba3 axb4 18. Bxb4 Nd7 19. Qd4 Bf6 20. Qd3 Rfe8 21. a5 Bxc3
22. Qxc3 Re4 23. Qa3 Rae8 24. Rf3 Rc4 25. Rc1 Ree4 26. Rxc4 Rxc4 27. Rf1 Qd8
28. Rc1 Rxc1+ 29. Qxc1 Nf6 30. Qc3 Qe7 31. Qd4 Ne4 32. Qe5 Qxe5 33. fxe5 Kf8
34. Ba3 Ke7 35. Kf1 Ke6 36. Ke1 g6 37. Ke2 Kxe5 38. Bb4 f5 39. Ba3 f4 40. exf4+
Kxf4 0-1

[Event "NM for klubblag"]
[Site "Drammen"]
[Date "2010.10.10"]
[Round "5"]
[White "Beck, Anders Knudsen"]
[Black "Liabøtrø, Ola"]
[Result "0-1"]
[WhiteElo "1406"]
[BlackElo "1525"]
[PlyCount "74"]
[EventDate "2010.10.08"]
[WhiteTeam "Tønsberg Schackklubb"]
[BlackTeam "Akademisk SK 2"]

1. e4 d5 2. exd5 Qxd5 3. Nc3 Qa5 4. d4 Nf6 5. Nf3 c6 6. Bd3 Bg4 7. O-O e6 8.
Bd2 Qc7 9. Ne4 Nbd7 10. c4 Nxe4 11. Bxe4 Nf6 12. Qc2 Be7 13. g3 O-O 14. Bc3
Rfd8 15. Rad1 Rac8 16. Rd2 Nxe4 17. Qxe4 Bf5 18. Qe3 b5 19. b3 b4 20. Bb2 Bf6
21. Rfd1 a5 22. Ne1 Qa7 23. Nc2 Rd7 24. a3 Qb7 25. a4 Rcd8 26. c5 g6 27. h4 Rd5
28. f4 Qd7 29. Kf2 Bxc2 30. Rxc2 Bxd4 31. Bxd4 Rxd4 32. Rxd4 Qxd4 33. Qxd4 Rxd4
34. Ke3 Rd5 35. g4 Kf8 36. g5 Ke7 37. Rc4 Rd1 0-1

[Event "NM for klubblag"]
[Site "Drammen"]
[Date "2010.10.10"]
[Round "5"]
[White "Ulvnes, Rolf"]
[Black "Stray, Gunnar"]
[Result "1/2-1/2"]
[WhiteElo "1945"]
[BlackElo "1974"]
[PlyCount "65"]
[EventDate "2010.10.08"]
[WhiteTeam "Nordstrand SK 2"]
[BlackTeam "Moss Schakklub 2"]

1. d4 f5 2. Bg5 d5 3. e3 c6 4. Nd2 Nd7 5. Bd3 Ndf6 6. Ngf3 e6 7. Ne5 Be7 8. c4
g6 9. c5 Ne4 10. Bxe7 Qxe7 11. Bxe4 fxe4 12. h4 Nf6 13. h5 g5 14. f3 exf3 15.
Qxf3 Nd7 16. Qg3 Nxe5 17. Qxe5 Rg8 18. O-O-O g4 19. Rdf1 b6 20. Rf6 Bd7 21.
Rhf1 Rg7 22. h6 Rg8 23. Qh5+ Kd8 24. Rf7 Be8 25. Rxe7 Bxh5 26. Rxh7 Bg6 27. Rg7
Rxg7 28. hxg7 Ke7 29. Rf8 Rxf8 30. gxf8=Q+ Kxf8 31. cxb6 axb6 32. b4 b5 33. g3
1/2-1/2

[Event "NM for klubblag"]
[Site "Drammen"]
[Date "2010.10.10"]
[Round "5"]
[White "Dyrnes, Jussi"]
[Black "Onstad, Lars"]
[Result "0-1"]
[WhiteElo "1766"]
[BlackElo "1786"]
[PlyCount "96"]
[EventDate "2010.10.08"]
[WhiteTeam "Nordstrand SK 2"]
[BlackTeam "Moss Schakklub 2"]

1. e4 e5 2. Nf3 Nc6 3. Bc4 Bc5 4. c3 a6 5. O-O d6 6. d4 exd4 7. cxd4 Bb6 8. b4
f6 9. Qb3 Nge7 10. Bf7+ Kf8 11. Be3 a5 12. Bc4 axb4 13. e5 d5 14. Bb5 Bg4 15.
Nbd2 Ra3 16. Qb2 h6 17. exf6 gxf6 18. Nh4 Qd6 19. Nb3 Kf7 20. Qd2 h5 21. Bf4
Qd7 22. Rfe1 Re8 23. Qd3 Bf5 24. Qf3 Bg4 25. Qd3 Bf5 26. Qd2 Raa8 27. Bh6 Qd6
28. Rxe7+ Nxe7 29. Bxe8+ Rxe8 30. Re1 Be4 31. f3 Bh7 32. Bf4 Qd7 33. Qxb4 Nc6
34. Qd2 Re6 35. Rc1 Qe7 36. Nc5 Re2 37. Qc3 Ba5 38. Qa3 Bb4 39. Qa8 Bxc5 40.
dxc5 Re1+ 41. Kf2 Qe2+ 42. Kg3 Rxc1 43. Qxb7 Qe1+ 44. Kh3 Qe6+ 45. Kg3 Rxc5 46.
Qxc7+ Qe7 47. Qb6 Rc4 48. Bb8 Qe1+ 0-1

[Event "NM for klubblag"]
[Site "Drammen"]
[Date "2010.10.10"]
[Round "5"]
[White "Antonsen, Helge"]
[Black "Gaarder, Hans K"]
[Result "0-1"]
[WhiteElo "1398"]
[BlackElo "1353"]
[PlyCount "110"]
[EventDate "2010.10.08"]
[WhiteTeam "Moss Schakklub 2"]
[BlackTeam "Nordstrand SK 2"]

1. d4 e6 2. Nf3 d5 3. e3 Nf6 4. Bd3 c6 5. O-O Bd6 6. b3 O-O 7. Bb2 Nbd7 8. Nbd2
Re8 9. Ne5 Qc7 10. f4 Bb4 11. c3 Be7 12. g4 h6 13. g5 hxg5 14. fxg5 Nxe5 15.
dxe5 Ne4 16. Nxe4 dxe4 17. Bxe4 Qxe5 18. Qh5 Qxg5+ 19. Qxg5 Bxg5 20. Rf3 e5 21.
Raf1 Be6 22. Bc2 Rad8 23. Kg2 Rd2+ 24. R3f2 Bxe3 25. Rxd2 Bxd2 26. c4 Bf4 27.
Rd1 g5 28. Bc3 Kg7 29. Be1 b5 30. cxb5 cxb5 31. Bf2 a6 32. Bg3 Bc8 33. Be4 Bxg3
34. hxg3 Re7 35. Rh1 f5 36. Rc1 Re8 37. Rc7+ Kh8 38. Bb7 Bxb7+ 39. Rxb7 e4 40.
Kf2 f4 41. gxf4 gxf4 42. Rf7 f3 43. Ke3 Kg8 44. Rf6 Rf8 45. Rg6+ Kh7 46. Rg1
Re8 47. Rg4 Kh6 48. Rg1 Re6 49. Rg3 Kh7 50. Rg1 Kh6 51. Rg3 Kh5 52. Rg1 Kh6 53.
Rg3 Rg6 54. Rh3+ Kg7 55. Kxe4 f2 0-1

[Event "NM for klubblag"]]
[Site "Drammen"]
[Date "2010.10.10"]
[Round "5"]
[White "Skjold, Reidar"]
[Black "Granum, Roger"]
[Result "1-0"]
[WhiteElo "1490"]
[BlackElo "1380"]
[PlyCount "73"]
[EventDate "2010.10.08"]
[WhiteTeam "SK Tempo (Drammen)"]
[BlackTeam "Hønefoss SK 2"]

1. e4 c5 2. Nf3 d6 3. d4 cxd4 4. Nxd4 a6 5. Nc3 Bd7 6. Be2 g6 7. O-O Bg7 8. Be3
Nc6 9. Qd2 Nxd4 10. Bxd4 Nf6 11. Bf3 Be6 12. Nd5 O-O 13. Rad1 Bxd5 14. exd5 Qd7
15. Qe2 b5 16. c3 Rac8 17. Rfe1 Rc7 18. Qd2 e6 19. dxe6 fxe6 20. Bb6 Rc6 21.
Bxc6 Qxc6 22. Qxd6 Qb7 23. Qxe6+ Kh8 24. Rd8 Rxd8 25. Bxd8 Ng8 26. Qe8 Qd5 27.
Bb6 Qxa2 28. Qe2 Nf6 29. Bd4 Qf7 30. Qf3 h6 31. Qa8+ Kh7 32. h3 Qa2 33. Qb7 Qd5
34. Qxd5 Nxd5 35. Bxg7 Kxg7 36. Rd1 Nb6 37. b3 1-0

[Event "NM for klubblag"]
[Site "Drammen"]
[Date "2010.10.10"]
[Round "5"]
[White "Thingstad, Tormod"]
[Black "Christiansen, Steinar"]
[Result "1-0"]
[WhiteElo "1077"]
[BlackElo "1124"]
[PlyCount "69"]
[EventDate "2010.10.08"]
[WhiteTeam "Hønefoss SK 2"]
[BlackTeam "SK Tempo (Drammen)"]

1. c4 e5 2. Nc3 Nf6 3. g3 g6 4. Bg2 Bg7 5. Nf3 d6 6. O-O O-O 7. a3 Nc6 8. b4
Ne7 9. Bb2 Rb8 10. d3 a6 11. Rc1 Nf5 12. Ng5 Bd7 13. Nge4 Ne7 14. Nxf6+ Bxf6
15. e3 Bg7 16. d4 c6 17. Ne4 Bf5 18. dxe5 dxe5 19. Nd6 Be6 20. c5 Bd5 21. e4
Be6 22. Re1 f6 23. Bf1 b6 24. Bxa6 bxc5 25. Rxc5 Ra8 26. Bb7 Ra7 27. Bxc6 Nxc6
28. Rxc6 Bd7 29. Rc5 Rc7 30. Qb3+ Kh8 31. Rxc7 Qxc7 32. Rd1 Bc8 33. Nxc8 Rxc8
34. Rc1 Qe7 35. Rc4 {Manglende notasjon (gjensidig tidsnød?)} 1-0

[Event "NM for klubblag"]
[Site "Drammen"]
[Date "2010.10.10"]
[Round "5"]
[White "Wister, Tom R"]
[Black "Hansen, Erle Andrea Marki"]
[Result "0-1"]
[WhiteElo "1615"]
[BlackElo "1659"]
[PlyCount "62"]
[EventDate "2010.10.08"]
[WhiteTeam "Kirkegata Sjakklubb"]
[BlackTeam "Kristiansand Sjakklubb"]

1. d4 Nf6 2. c4 g6 3. Nc3 Bg7 4. e4 d6 5. f3 O-O 6. Be3 a6 7. Bd3 c5 8. d5 b5
9. cxb5 Qa5 10. Bd2 axb5 11. Bxb5 Ba6 12. a4 Nbd7 13. Nge2 Ne5 14. Bxa6 Rxa6
15. O-O Nc4 16. Bc1 Rb8 17. Qc2 Rab6 18. Nb5 Rxb5 19. Qxc4 R5b7 20. Qc2 Nd7 21.
Bd2 Qa6 22. Bc3 Rxb2 23. Bxb2 Rxb2 24. Qd1 Rxe2 25. Rc1 Ra2 26. Rc2 Ra1 27. Rc1
Rxa4 28. Re1 Ne5 29. Rc3 Ng4 30. Rd3 Bd4+ 31. Kf1 Nxh2+ 0-1

[Event "NM for klubblag"]
[Site "Drammen"]
[Date "2010.10.10"]
[Round "5"]
[White "Arntsen, Frode"]
[Black "Sørli, Arne"]
[Result "1-0"]
[WhiteElo "1552"]
[BlackElo "1377"]
[PlyCount "51"]
[EventDate "2010.10.08"]
[WhiteTeam "Kristiansand Sjakklubb"]
[BlackTeam "Kirkegata Sjakklubb"]

1. c4 e6 2. g3 d5 3. cxd5 Qxd5 4. Nf3 Nc6 5. Bg2 Nf6 6. O-O Qd7 7. Nc3 a6 8. d4
Be7 9. e4 O-O 10. a3 Rd8 11. Be3 Ng4 12. Rc1 Nxe3 13. fxe3 Bf6 14. e5 Be7 15.
Ne4 Rf8 16. Nfg5 h6 17. Nf6+ Bxf6 18. exf6 hxg5 19. Qh5 gxf6 20. Rxf6 Ne7 21.
Qxg5+ Ng6 22. Be4 Qe8 23. Bxg6 fxg6 24. Rxg6+ Qxg6 25. Qxg6+ Kh8 26. Rxc7 1-0

[Event "NM for klubblag"]
[Site "Drammen"]
[Date "2010.10.10"]
[Round "5"]
[White "Wister, Finn A"]
[Black "Aabid, Ryaad"]
[Result "1/2-1/2"]
[WhiteElo "1312"]
[BlackElo "1482"]
[PlyCount "53"]
[EventDate "2010.10.08"]
[WhiteTeam "Kirkegata Sjakklubb"]
[BlackTeam "Kristiansand Sjakklubb"]

1. b4 e6 2. Bb2 Nf6 3. b5 b6 4. e3 d5 5. Nf3 a6 6. c4 axb5 7. cxd5 Nxd5 8.
Bxb5+ c6 9. Be2 Ba6 10. Nc3 Bxe2 11. Qxe2 Nb4 12. d4 Qc8 13. O-O Qa6 14. Qxa6
Rxa6 15. a4 f6 16. Nd2 Nd5 17. Nxd5 exd5 18. Rfc1 Kd7 19. e4 Bb4 20. Bc3 Bxc3
21. Rxc3 dxe4 22. Nxe4 Re8 23. Re3 Ra5 24. Nc3 Rxe3 25. fxe3 b5 26. Rb1 b4 27.
Rxb4 1/2-1/2

[Event "NM for klubblag"]
[Site "Drammen"]
[Date "2010.10.10"]
[Round "5"]
[White "Bratsberg, Lars Ivar"]
[Black "Tevasvoll, Svein"]
[Result "1/2-1/2"]
[WhiteElo "1152"]
[BlackElo "1276"]
[PlyCount "50"]
[EventDate "2010.10.08"]
[WhiteTeam "Kristiansand Sjakklubb"]
[BlackTeam "Kirkegata Sjakklubb"]

1. e4 e5 2. Nf3 Nc6 3. d4 exd4 4. Bc4 h6 5. O-O d6 6. Bd5 Bg4 7. Qd3 Bxf3 8.
Qxf3 Qf6 9. Qxf6 Nxf6 10. Bxc6+ bxc6 11. b3 Nd7 12. Bb2 c5 13. Na3 a6 14. Nc4
Ne5 15. Na5 Be7 16. f4 Nd7 17. Nc6 Nb8 18. Nxe7 Kxe7 19. c3 Nc6 20. cxd4 Nxd4
21. Rad1 f6 22. Bxd4 cxd4 23. Rxd4 c5 24. Rd5 Rhd8 25. Rfd1 g6 1/2-1/2

[Event "NM for klubblag"]
[Site "Drammen"]
[Date "2010.10.10"]
[Round "5"]
[White "Mihajlov, Sebastian"]
[Black "Haveland, Bjørn"]
[Result "0-1"]
[WhiteElo "1755"]
[BlackElo "1811"]
[PlyCount "62"]
[EventDate "2010.10.08"]
[WhiteTeam "OSS 5"]
[BlackTeam "Bærum Schakselskap"]

1. d4 Nf6 2. c4 g6 3. Nc3 d5 4. cxd5 Nxd5 5. e4 Nxc3 6. bxc3 Bg7 7. Bc4 O-O 8.
Ne2 c5 9. O-O cxd4 10. cxd4 Nc6 11. Be3 Bg4 12. f3 Na5 13. Bd3 Be6 14. d5 Bxa1
15. Qxa1 f6 16. Nd4 Bd7 17. Bh6 Re8 18. Kh1 e5 19. dxe6 Bxe6 20. Rd1 Qe7 21.
Bb5 Red8 22. Qc3 a6 23. Qxa5 axb5 24. Qxb5 Rxa2 25. Be3 Bf7 26. Rb1 Qa3 27. Qb6
Rd7 28. Nb5 Qd3 29. Rg1 Rb2 30. Qxf6 Rxb5 31. Bh6 Qd4 0-1

[Event "NM for klubblag"]
[Site "Drammen"]
[Date "2010.10.10"]
[Round "5"]
[White "Rambø, Jan-Bjarne"]
[Black "Gholami, Armin"]
[Result "1/2-1/2"]
[WhiteElo "1612"]
[BlackElo "1685"]
[PlyCount "93"]
[EventDate "2010.10.08"]
[WhiteTeam "Bærum Schakselskap"]
[BlackTeam "OSS 5"]

1. c4 d6 2. Nc3 e5 3. Nf3 Nc6 4. e4 Be7 5. Be2 f5 6. d4 Nf6 7. dxe5 dxe5 8.
Qxd8+ Bxd8 9. exf5 Bxf5 10. Be3 O-O 11. h3 Be7 12. O-O Rad8 13. g4 Bc8 14. Nb5
Ne8 15. Ng5 a6 16. Nc3 Nd4 17. Bd1 Nd6 18. Nd5 Bxg5 19. Bxg5 Rd7 20. b3 h6 21.
Be3 Ne6 22. Bc2 b5 23. c5 Nf7 24. Rad1 Bb7 25. Nf6+ gxf6 26. Rxd7 Nfg5 27. Kh2
Nf4 28. Bxf4 exf4 29. h4 Nf3+ 30. Kh3 Bc8 31. Rxc7 Nd4 32. Be4 h5 33. f3 Ne6
34. Bd5 Kh8 35. Rxc8 Rxc8 36. Bxe6 Rxc5 37. Rf2 a5 38. gxh5 Rxh5 39. Kg4 Re5
40. Bf5 a4 41. bxa4 bxa4 42. Rc2 Rb5 43. Rc4 Ra5 44. h5 Kg7 45. a3 Kh6 46. Rc7
Ra7 47. Rxa7 1/2-1/2

[Event "NM for klubblag"]
[Site "Drammen"]
[Date "2010.10.10"]
[Round "5"]
[White "Olsen, Ulrik"]
[Black "Bergersen, Per A"]
[Result "0-1"]
[WhiteElo "1292"]
[BlackElo "1572"]
[PlyCount "84"]
[EventDate "2010.10.08"]
[WhiteTeam "OSS 5"]
[BlackTeam "Bærum Schakselskap"]

1. e4 e6 2. d4 b6 3. c4 Bb7 4. Bd3 f5 5. d5 fxe4 6. Bxe4 Qh4 7. Bf3 Qxc4 8. Nd2
Bb4 9. dxe6 Qxe6+ 10. Qe2 Qxe2+ 11. Kxe2 Nc6 12. a3 Be7 13. b4 Bf6 14. Rb1 Nd4+
15. Ke3 Nxf3 16. Ngxf3 O-O-O 17. Kd3 Ne7 18. Ne4 Bxe4+ 19. Kxe4 Rde8 20. Bb2
Ng6+ 21. Kf5 Rhf8 22. Kg4 Bxb2 23. Rxb2 Ne5+ 24. Nxe5 Rxe5 25. Rc1 d5 26. Rbc2
Rf7 27. f4 Re4 28. g3 d4 29. Rd1 Rd7 30. a4 d3 31. Rb2 c5 32. bxc5 bxc5 33. a5
c4 34. Kf3 Re6 35. Rb4 Rc7 36. Rbb1 Re2 37. h3 Ra2 38. Ke3 Rxa5 39. Kd4 Ra2 40.
Rbc1 Ra4 41. Re1 d2 42. Re8+ Kd7 0-1

[Event "NM for klubblag"]
[Site "Drammen"]
[Date "2010.10.10"]
[Round "5"]
[White "Sevland, Rune K"]
[Black "Meyer, Michael A"]
[Result "1-0"]
[WhiteElo "1506"]
[BlackElo "1313"]
[PlyCount "115"]
[EventDate "2010.10.08"]
[WhiteTeam "Sevland Sjakklubb"]
[BlackTeam "Fredriksstad Schakselskap"]

1. d4 Nf6 2. Nf3 g6 3. c4 c5 4. d5 b5 5. Qc2 d6 6. Bf4 bxc4 7. e4 Ba6 8. Na3
Nbd7 9. Bxc4 Bxc4 10. Nxc4 Bg7 11. Rb1 O-O 12. O-O Nb6 13. b3 Qc7 14. h3 Rab8
15. e5 Ne8 16. exd6 exd6 17. Rfd1 Rd8 18. Rbc1 Nc8 19. Nfd2 Nf6 20. Bg5 Rd7 21.
Bxf6 Bxf6 22. Ne4 Bg7 23. Ne3 a5 24. Nc4 Qd8 25. Qd2 Ra7 26. a3 Re8 27. Nc3 Nb6
28. Nb5 Nxc4 29. Rxc4 Rb7 30. a4 Rxb5 31. axb5 Qb6 32. Qd3 Qxb5 33. Re4 Qb8 34.
Rde1 Rxe4 35. Rxe4 Be5 36. Kf1 Qb7 37. f4 Bd4 38. Qc4 Kf8 39. Ke2 Qb4 40. Qxb4
axb4 41. Kd3 Bg7 42. g4 Bf6 43. Kc4 Be7 44. Kb5 Ke8 45. Kc6 Kd8 46. f5 f6 47.
fxg6 hxg6 48. h4 f5 49. gxf5 gxf5 50. Rf4 Ke8 51. Rxf5 Bxh4 52. Kxd6 Be7+ 53.
Kc6 c4 54. bxc4 b3 55. d6 b2 56. Rb5 Bf6 57. d7+ Kf7 58. Rxb2 1-0

[Event "NM for klubblag"]
[Site "Drammen"]
[Date "2010.10.10"]
[Round "5"]
[White "Eriksen, Geir Arne"]
[Black "Kloster, Ole-Jonny"]
[Result "1/2-1/2"]
[WhiteElo "1248"]
[BlackElo "1614"]
[PlyCount "35"]
[EventDate "2010.10.08"]
[WhiteTeam "Fredriksstad Schakselskap"]
[BlackTeam "Sevland Sjakklubb"]

1. d4 e6 2. e4 b6 3. Nf3 Bb7 4. d5 Nf6 5. dxe6 fxe6 6. e5 Ne4 7. Bd3 Be7 8. O-O
O-O 9. Be3 Nc5 10. Be2 Qe8 11. Nc3 Ne4 12. Nb5 Qd8 13. Nd2 Nxd2 14. Qxd2 a6 15.
Nd4 Nc6 16. Bf3 Qe8 17. Bxc6 Bxc6 18. Nxc6 1/2-1/2

[Event "NM for klubblag"]
[Site "Drammen"]
[Date "2010.10.10"]
[Round "5"]
[White "Andreassen, Espen"]
[Black "Kjernlie, Ole Ivar"]
[Result "0-1"]
[WhiteElo "687"]
[BlackElo "1225"]
[PlyCount "106"]
[EventDate "2010.10.08"]
[WhiteTeam "Sevland Sjakklubb"]
[BlackTeam "Fredriksstad Schakselskap"]

1. e4 c6 2. Bc4 d5 3. exd5 cxd5 4. Bb3 Nf6 5. d3 Bf5 6. h3 e5 7. Nf3 Bb4+ 8. c3
Bd6 9. Bg5 Be6 10. O-O h6 11. Bh4 O-O 12. Re1 Nbd7 13. Nbd2 Re8 14. Rc1 Qc7 15.
Ba4 Nc5 16. Bxf6 gxf6 17. Bxe8 Rxe8 18. Nf1 Rd8 19. Qd2 Kg7 20. b4 Nd7 21. Ng3
e4 22. dxe4 Bxg3 23. exd5 Ne5 24. Nxe5 Bxe5 25. c4 Bf4 26. Qc2 Bxh3 27. gxh3
Qd7 28. Kg2 Rg8 29. Rh1 Kh8+ 30. Kf3 Bxc1 31. Qxc1 Qf5+ 32. Ke2 Qe4+ 33. Kd2
Qd4+ 34. Kc2 Qxc4+ 35. Kb2 Qxb4+ 36. Ka1 Qd4+ 37. Qb2 Qxb2+ 38. Kxb2 Rd8 39.
Rd1 Kg8 40. Kc3 Kf8 41. Kc4 Ke7 42. Kc5 Rc8+ 43. Kd4 Rc2 44. Re1+ Kd6 45. f4
Rxa2 46. Rb1 b6 47. Rg1 Ra4+ 48. Ke3 Kxd5 49. Rd1+ Ke6 50. h4 a5 51. Rb1 Rb4
52. Ra1 Kf5 53. Rf1 a4 0-1

[Event "NM for klubblag"]
[Site "Drammen"]
[Date "2010.10.10"]
[Round "5"]
[White "Rosseland, Jon Birger"]
[Black "Andreassen, Jonas"]
[Result "1-0"]
[WhiteElo "1083"]
[BlackElo "643"]
[PlyCount "53"]
[EventDate "2010.10.08"]
[WhiteTeam "Fredriksstad Schakselskap"]
[BlackTeam "Sevland Sjakklubb"]

1. c4 e5 2. Nc3 Nf6 3. e3 Bc5 4. d4 exd4 5. exd4 Bb4 6. Bd2 Bxc3 7. Bxc3 O-O 8.
Bd3 d5 9. cxd5 Nxd5 10. Ne2 Nxc3 11. bxc3 Re8 12. O-O Nc6 13. Qc2 h6 14. Rfe1
Be6 15. Nf4 Qg5 16. Nxe6 fxe6 17. Bc4 Qf6 18. Qb3 Kf7 19. Re3 Na5 20. Qa4 Nxc4
21. Rf3 Qxf3 22. gxf3 Nd2 23. Kg2 Kg6 24. Qc2+ Kg5 25. Qxd2+ Kh4 26. Qf4+ Kh5
27. Qg5+ 1-0

[Event "NM for klubblag"]
[Site "Drammen"]
[Date "2010.10.10"]
[Round "5"]
[White "Jensen, Arvid"]
[Black "Khachatourian, Yerazik"]
[Result "0-1"]
[WhiteElo "1232"]
[BlackElo "1930"]
[PlyCount "84"]
[EventDate "2010.10.08"]
[WhiteTeam "Konnerud Sjakklubb"]
[BlackTeam "OSS 6"]

1. e4 e5 2. Nf3 Nf6 3. d3 Nc6 4. Be2 Bc5 5. Bg5 h6 6. Bh4 d6 7. Nbd2 Be6 8. c4
Qd7 9. a3 Ne7 10. Nb3 Bb6 11. Qc2 g5 12. Bg3 Ng6 13. O-O-O a5 14. Kb1 a4 15.
Nc1 Bg4 16. h4 Bxf3 17. gxf3 gxh4 18. Bxh4 Nxh4 19. Rxh4 Bxf2 20. Rh2 Be3 21.
Na2 Bd4 22. Qd2 h5 23. f4 exf4 24. Qxf4 Be5 25. Qh4 Bxh2 26. Qxh2 O-O-O 27. Rf1
Ng4 28. Qg1 Kb8 29. Nc3 Rdg8 30. Nb5 b6 31. Bd1 Ne5 32. Qd4 Rg3 33. Bc2 h4 34.
Rd1 h3 35. Bxa4 h2 36. Rh1 Rxd3 37. Qf2 Qh3 38. Nd4 Qh4 39. Qxh4 Rxh4 40. Nc6+
Ka8 41. Nxe5 dxe5 42. Bc6+ Ka7 0-1

[Event "NM for klubblag"]
[Site "Drammen"]
[Date "2010.10.10"]
[Round "5"]
[White "Suntharalingam, Jarani"]
[Black "Flemsæter, Egil"]
[Result "1-0"]
[WhiteElo "1385"]
[BlackElo "1183"]
[PlyCount "83"]
[EventDate "2010.10.08"]
[WhiteTeam "OSS 6"]
[BlackTeam "Konnerud Sjakklubb"]

1. e4 e6 2. d4 d5 3. exd5 exd5 4. c4 Nf6 5. Nc3 Bb4 6. Bg5 c6 7. a3 Bxc3+ 8.
bxc3 O-O 9. Bd3 Qa5 10. Qc2 dxc4 11. Bxf6 cxd3 12. Qxd3 gxf6 13. Ne2 Bf5 14.
Qg3+ Kh8 15. O-O Qd5 16. Nf4 Qd8 17. h4 Rg8 18. Qh2 Nd7 19. Rfe1 Nb6 20. Rac1
Nd5 21. Nh5 Bg6 22. Ng3 Nf4 23. Re3 Nh5 24. Nf1 Qd7 25. f3 Rae8 26. Rce1 Rxe3
27. Rxe3 Re8 28. g4 Ng7 29. h5 Rxe3 30. hxg6 fxg6 31. Nxe3 Qe7 32. Ng2 a6 33.
c4 Ne6 34. d5 cxd5 35. cxd5 Nd4 36. Qb8+ Kg7 37. d6 Qf7 38. Qc7 Nc6 39. d7 Qe7
40. d8=Q Qxc7 41. Qxc7+ Kh6 42. Qxb7 1-0